Technologie potravin I

Gespeichert in:
Bibliographische Detailangaben
1. Verfasser: Kadlec, Pavel (Verfasst von)
Format: Buch
Sprache:Tschechisch
Veröffentlicht: Praha : VŠCHT Praha, 2002
Tags: Tag hinzufügen
Keine Tags, Fügen Sie das erste Tag hinzu!

MARC

LEADER 00000nam a22000003a 4500
001 stu82526
005 20150617225634.8
008 031119s2002----xr------------------cze-d
020 |a 80-7080-509-9 
040 |a STU  |b slo 
041 0 |a cze 
044 |a xr 
080 |a 641(075.8) 
100 1 |a Kadlec, Pavel  |4 aut 
245 1 |a Technologie potravin I 
260 |a Praha :  |b VŠCHT Praha,  |c 2002 
300 |a 300 s. Tabuľky 
996 |b CS74994  |c C*S74994  |l CCXIX  |s P  |a 0  |w stu82526_0001 
996 |b CS74736  |c C*S74736  |l CCX  |s P  |a 0  |w stu82526_0002